000
00246nam a2200109Ia 4500
008
190216s9999||||xx |||||||||||||| ||und||
100
_a
Cain A J
245
4
_a
The Morphology Of Gymnosperms
260
_b
Hutchinson
650
_a
Botany
942
_c
BK
999
_c
1165
_d
1165